An Uncertain Glory
Saved in:
| Main Author: | |
|---|---|
| Format: | Book |
| Published: |
Penguin
|
| Subjects: | |
| Tags: |
No Tags, Be the first to tag this record!
|
MARC
| LEADER | 00000nam a2200000Ia 4500 | ||
|---|---|---|---|
| 005 | 20260427112643.0 | ||
| 526 | |b Economics | ||
| 100 | |a Amartya Sen | ||
| 020 | |a 9780141992624 | ||
| 650 | |a Development Economics | ||
| 526 | |a Bachelors | ||
| 942 | |c BK | ||
| 245 | |a An Uncertain Glory | ||
| 260 | |b Penguin | ||
| 999 | |c 16 |d 16 | ||
| 952 | |0 0 |1 0 |4 0 |7 0 |8 1 |a BRISTOL |b BRISTOL |d 2026-04-22 |l 0 |p 000034 |r 2026-04-27 11:26:43 |w 2026-04-27 |y BK | ||